OECD Environmental Performance Reviews: Latvia 2019

Salvato in:
Dettagli Bibliografici
Natura: Libro
Lingua:inglese
Pubblicazione: Paris OECD 2019
Serie:OECD Environmental Performance Reviews
Soggetti:
Tags: Aggiungi Tag
Nessun Tag, puoi essere il primo ad aggiungerne!!

MARC

LEADER 00000nam$a2200000$$$4500
001 0267380
005 20221220064944.6
020 |a 978-92-64-74014-3 
041 0 |a eng 
044 |a FR 
245 1 0 |a OECD Environmental Performance Reviews: Latvia 2019 
264 1 |a Paris  |b OECD  |c 2019 
300 |a 206 s. 
490 1 |a OECD Environmental Performance Reviews 
830 0 |a OECD Environmental Performance Reviews 
610 2 0 |a prostredie životné 
610 2 0 |a politika environmentálna 
610 2 0 |a rozvoj trvalo udržateľný 
610 2 0 |a riadenie 
610 2 0 |a ekológia 
610 2 0 |a odpad 
610 2 0 |a hospodárenie s materiálom 
610 2 0 |a diverzita biologická 
610 2 0 |a porovnanie štatistické medzinárodné 
610 2 0 |a Lotyšsko